000 00659nam a22001937a 4500
008 230425b |||||||| |||| 00| 0 eng d
020 _a9789780208608
040 _aNLN
_bEnglish
_eAACR2
050 _aDT515.83.A967
_bM911
082 _a923.2
100 _aMAKINDE, Moses Akin
_eaut
_921738
245 _aAwo :
_bthe last conversation /
_cMoses Akin makinde
260 _aIbadan (jericho Road, P. M. B. 5164) :
_bEvans Brothers Nigeria Publishers,
_c2009
300 _axiv, 274p. ;
_b21cm.
563 _a(pbk)
650 _aAwolowo, Obafemi, 1909-1987
_vPhilosophy
_921739
650 _aNigeria
_vPolitics and government
_x1960
_xPhilosophy.
_921740
942 _cBK
999 _c10969
_d10969